| 000 | 00877cam a2200229 4500 | ||
|---|---|---|---|
| 001 | ABS62743 | ||
| 008 | 000000n2000 000 0 eng u | ||
| 035 | _a(Sirsi) u108188 | ||
| 100 | _aCoffer, A. | ||
| 245 | 4 | _aThe desire to be well connected | |
| 260 | _c2000 | ||
| 490 |
_aEstates Gazette _v(0033) 19 August 2000, 34-35(2) |
||
| 520 | _aReports on the trend for property owners to provide high-speed web links for tenants. Some landlords are teaming up with telecoms firms to instal broadband internet access in their buildings in return for a cut of the revenue that the telecoms companyy makes from tenants using the service. | ||
| 590 | _aABS | ||
| 650 | _aINTERNET ACCESS | ||
| 650 | _aPROPERTY OCCUPIERS | ||
| 650 | _aLANDLORDS | ||
| 650 | _aSMART BUILDINGS | ||
| 650 | _aBROADBAND TECHNOLOGY | ||
| 690 | _aINFORMATION TECHNOLOGY-INTERNET | ||
| 942 | _n0 | ||
| 999 |
_c64623 _d64623 |
||